[Event "Montreal Mercredi 11"]
[Site "Montreal"]
[Date "2008.11.26"]
[Round "2"]
[White "Gauthier, Luc"]
[Black "Yang, Luo Zhao"]
[Result "0-1"]
[WhiteElo "1631"]
[BlackElo "1651"]
[PlyCount "82"]
[EventDate "2008.11.19"]
[EventType "tourn"]
[EventRounds "5"]
[EventCountry "CAN"]
[SourceTitle "EXT 2011"]
[Source "ChessBase"]
[SourceDate "2010.11.26"]
[SourceVersion "1"]
[SourceVersionDate "2010.11.26"]
[SourceQuality "1"]

1. e4 c6 2. d4 d5 3. exd5 cxd5 4. Bd3 Nc6 5. c3 Nf6 6. Bf4 e6 7. Nf3 Bd6 8. Bxd6 Qxd6 9. Nbd2 0-0 10. 0-0 Re8 11. Re1 e5 12. dxe5 Nxe5 13. Nxe5 Rxe5 14. Rxe5 Qxe5 15. Nf3 Qh5 16. Nd4 Qxd1+ 17. Rxd1 Bd7 18. Re1 Re8 19. Rxe8+ Bxe8 20. f3 Bd7 21. Kf2 Kf8 22. Ke3 g6 23. Bb5 Ke7 24. Bxd7 Nxd7 25. Ne2 g5 26. Kd4 Ke6 27. f4 g4 28. Ng3 Nf6 29. f5+ Kd6 30. Ne2 Nh5 31. g3 Ng7 32. f6 Nh5 33. Nf4 Nxf4 34. gxf4 h5 35. c4 dxc4 36. f5 b5 37. Ke4 a5 38. Kf4 Kd5 39. Kg5 Ke5 40. Kxh5 Kxf5 41. Kh4 b4 0-1